| 000 | 00000nam 2200000zi 4500 |
| 001 | 9.934269 |
| 003 | CaOODSP |
| 005 | 20240711163458 |
| 006 | m o d f |
| 007 | cr cn||||||||| |
| 008 | 240221t20242024oncao ob f00| 0 eng d |
| 020 | |a9780660704081 |
| 040 | |aCaOODSP|beng|erda|cCaOODSP |
| 043 | |an-cn--- |
| 086 | 1 |aFR5-130/2024E-PDF |
| 245 | 00|aFoundations for peace : |bCanada's national action plan on women, peace and security, 2023-2029. |
| 264 | 1|aOttawa, ON : |b[Global Affairs Canada = Affaires mondiales Canada], |c[2024] |
| 264 | 4|c©2024 |
| 300 | |a1 online resource (53 pages) : |billustrations, photographs |
| 336 | |atext|btxt|2rdacontent |
| 337 | |acomputer|bc|2rdamedia |
| 338 | |aonline resource|bcr|2rdacarrier |
| 500 | |aCover title. |
| 500 | |aIssued also in French under title: Les fondements de la paix : plan d'action national du Canada pour les femmes, la paix et la sécurité, 2023-2029. |
| 504 | |aIncludes bibliographical references (pages 52-53). |
| 520 | |a"The women, peace and security (WPS) agenda was born from the advocacy of a global movement led by women experiencing armed conflict, crisis and instability. It is both a commitment to gender equality and a call to action to promote and protect the rights and agency of women, girls and gender-diverse people"--Executive summary, page 5. |
| 650 | 0|aWomen in peace-building. |
| 650 | 0|aPeace-building, Canadian. |
| 650 | 0|aWomen's rights. |
| 650 | 0|aWomen's rights|zCanada. |
| 650 | 0|aEquality. |
| 650 | 0|aEquality|zCanada. |
| 650 | 0|aHumanitarian assistance, Canadian. |
| 710 | 1 |aCanada. |bGlobal Affairs Canada, |eissuing body. |
| 775 | 08|tLes fondements de la paix : |w(CaOODSP)9.934270 |
| 776 | 0#|tFoundations for peace : |w(CaOODSP)9.939469 |
| 795 | |tCanada’s national action plan on women, peace and security 2017-2022 |b2017|w(CaOODSP)9.848314 |
| 856 | 40|qPDF|s4.84 MB|uhttps://publications.gc.ca/collections/collection_2024/amc-gac/FR5-130-2024-eng.pdf |
| 856 | 4 |qHTML|sN/A|uhttps://www.international.gc.ca/transparency-transparence/women-peace-security-femmes-paix-securite/2023-2029-foundation-peace-fondation-paix.aspx?lang=eng |